书目信息 |
| 题名: |
周文选集
|
|
| 作者: | 周文 著 | |
| 分册: | ||
| 出版信息: | 北京 北京人民出版社 1981 |
|
| 页数: | 471页 | |
| 开本: | 19cm | |
| 丛书名: | ||
| 单 册: | ||
| 中图分类: | I217.4 | |
| 科图分类: | ||
| 主题词: | 文学--作品--中国--现代--选集 | |
| 电子资源: | ||
| ISBN: | ||
| 000 | 00530nam0 2200205 45 | |
| 001 | 1537472416 | |
| 005 | 20150128115403.89 | |
| 010 | @dCNY1.35 | |
| 100 | @a19950627d1981 em y0chiy0121 ea | |
| 101 | 0 | @achi |
| 102 | @aCN@b110000 | |
| 105 | @ay z 000yy | |
| 200 | 10 | @a周文选集@Azhou wen xuan ji@f周文著 |
| 210 | @a北京@c北京人民出版社@d1981 | |
| 215 | @a471页@d19cm | |
| 606 | @a文学@x作品@y中国@z现代@x选集 | |
| 690 | @aI217.4@v3 | |
| 701 | 0 | @a周文@Azhou wen@4著 |
| 801 | 0 | @aCN@bTSSF@c20150128 |
| 905 | @aZUCC@dI217.4@eJY1 | |
| 周文选集/周文著.-北京:北京人民出版社,1981 |
| 471页;19cm |
| ISBN :CNY1.35 |
| ● |
| 相关链接 |
|
|
|
|
正题名:周文选集
索取号:I217.4/JY1
 
预约/预借
| 序号 | 登录号 | 条形码 | 馆藏地/架位号 | 状态 | 备注 |
| 1 | 7843782 | 278437826 | 学院路分馆/ [索取号:I217.4/JY1] | 在馆 | |
| 2 | 7843871 | 278438718 | 学院路分馆/ [索取号:I217.4/JY1] | 在馆 |